The life of Arthur Young, 1741-1820

Saved in:
Bibliographic Details
Main Author: Gazley, John Gerow, 1895-
Format: Book
Language:English
Published: Philadelphia, American Philosophical Society, 1973.
Series:Memoirs of the American Philosophical Society ; v. 97.
Subjects:
LEADER 01139nam a2200289 4500
001 c000322650
003 CARM
005 00000000000000.0
008 730927s1973 paua b 00110beng
019 1 |a 592701  |z 55548841  |5 LACONCORD2021 
020 |a 0871690977 
035 |a (OCoLC)691624  |5 LACONCORD2021 
043 |a e-uk--- 
050 0 0 |a Q11  |b .P612 vol. 97  |a S417.Y6 
100 1 |a Gazley, John Gerow,  |d 1895- 
245 1 4 |a The life of Arthur Young, 1741-1820  |c [by] John G. Gazley. 
260 |a Philadelphia,  |b American Philosophical Society,  |c 1973. 
300 |a xvi, 727 p.  |b illus.  |c 25 cm. 
490 0 |a Memoirs of the American Philosophical Society, v. 97 
504 |a Bibliography: p. 704-713. 
600 1 0 |a Young, Arthur,  |d 1741-1820. 
650 0 |a Agriculture  |z Great Britain  |x History. 
830 0 |a Memoirs of the American Philosophical Society ;  |v v. 97. 
852 8 |b CARM  |h A1:AM11B0  |i B09365  |p 0428325  |f BK 
082 0 4 |a 081 s  |a 630/.92/4  |a B 
999 f f |i 604b9f79-3239-589b-b858-a5772d4159b5  |s 37608439-bb9b-59ec-a818-35fa83f54aee 
952 f f |p Can circulate  |a CAVAL  |b CAVAL  |c CAVAL  |d CARM 1 Store  |e B09365  |f A1:AM11B0  |h Other scheme  |i book  |m 0428325